Christine : 'Five shards for the lady' /

Guardat en:
Dades bibliogràfiques
Autor principal: Soederhjelm, Martin
Format: Llibre
Idioma:English
Swedish
Publicat: London : Chatto & Windus, 1965, c1963.
LEADER 00851nam a2200229 a 4500
001 c000092924
003 CARM
005 00000000000000.0
008 940208c19651963enk 00011 eng d
019 1 |a 10694785  |5 LACONCORD2021 
035 |a (OCoLC)3716386  |5 LACONCORD2021 
040 |a VLINC  |c VLINC 
041 1 |a eng  |h swe 
100 1 |a Soederhjelm, Martin. 
245 1 0 |a Christine :  |b 'Five shards for the lady' /  |c by Martin Soederhjelm ; trans. by Keith Bradfield. 
260 |a London :  |b Chatto & Windus,  |c 1965, c1963. 
300 |a 223 p. ;  |c 21 cm. 
500 |a Trans. from the Swedish. 
852 8 |b CARM  |h A2:AM06G0  |i A00999  |p 0106952  |f BK 
082 0 4 |a 839.774  |2 20 
999 f f |i ac79cf34-fd68-5839-84ef-4caf6904a5c2  |s 5a967469-8b4e-570e-befb-4e9ec37a5aad 
952 f f |p Can circulate  |a CAVAL  |b CAVAL  |c CAVAL  |d CARM 1 Store  |e A00999  |f A2:AM06G0  |h Other scheme  |i book  |m 0106952